| 000 | 00601nam a2200205 4500 | ||
|---|---|---|---|
| 003 | OSt | ||
| 005 | 20240722075338.0 | ||
| 006 | a | ||
| 008 | 240722b |||||||| |||| 00| 0 eng d | ||
| 020 | _a9789715848329 | ||
| 040 |
_aDWCL-Main lib. _cOC |
||
| 082 | _aFil. 590 P741e 2009 | ||
| 100 | _aPocsidio, Glorina N. | ||
| 245 | _aExperiments in animal physiology / | ||
| 260 |
_aQuezon City: _bC & E Pub., Inc., _cc2009. |
||
| 300 |
_avii, _b191 p. : _c26 cm. |
||
| 504 | _aIncludes bibliographical references. | ||
| 650 | _a1. Zoology-handbooks, manuals, etc. | ||
| 942 |
_2ddc _n0 _cBK-CIRC _kCirc. |
||
| 999 |
_c2543 _d2543 |
||